Clickable Quotables: Seinfeld Quiz Stats

 Plays Quiz Updated Mar 15, 2019

Score 0/25 Timer 06:00
2 Plays Today
% Correct
Newman
90.6%
George Costanza
86.7%
Estelle Costanza
85.3%
Jerry Seinfeld
80.9%
George Steinbrenner
80.5%
Tim Whatley
78.5%
Morty Seinfeld
77.2%
J. Peterman
75.7%
Susan Ross
75.2%
Kenny Bania
75.1%
Frank Costanza
69.8%
Elaine Benes
69.1%
Uncle Leo
67.7%
% Correct
Cosmo Kramer
66.9%
Helen Seinfeld
66.6%
David Puddy
64.2%
Mickey Abbott
59.1%
Mr. Pitt
57.7%
Mr. Lippman
55.7%
Mr. Wilhelm
53.8%
Jackie Chiles
51.2%
Mr. Ross (Susan's dad)
45.7%
Sue Ellen Mishke
44.5%
Mrs. Ross (Susan's mom)
42.6%
Ruthie Cohen
37.3%

You're not logged in!

Compare scores with friends on all Sporcle quizzes.
OR
Log In

Show Comments

Extras

Top Quizzes Today


Score Distribution

Your Account Isn't Verified!

In order to create a playlist on Sporcle, you need to verify the email address you used during registration. Go to your Sporcle Settings to finish the process.

Report this User

Report this user for behavior that violates our Community Guidelines.

Details: